Tři cesty rozvoje Prognóza ekonomického vývoje
Variantná prognóza vývoja slovenskej ekonomiky na r. 1994-95, spracovaná vo februári 1994 Českým štatistickým úradom a Ústavom pre hospodársku politiku. Hrubý domáci produkt. Nezamestnanosť, inflácia a rast miezd. Platobná bilancia, menový kurz a rozpočtový deficit. Výsledky variantnej prognózy.
Gespeichert in:
| 1. Verfasser: | |
|---|---|
| Weitere Verfasser: | |
| Format: | Buchkapitel |
| Sprache: | Tschechisch |
| Schlagworte: | |
| Tags: |
Keine Tags, Fügen Sie das erste Tag hinzu!
|
MARC
| LEADER | 00000naa a2200000 4500 | ||
|---|---|---|---|
| 001 | r015162 | ||
| 005 | 20221205090040.1 | ||
| 041 | 0 | |a cze | |
| 044 | |a CZ | ||
| 245 | 1 | 0 | |a Tři cesty rozvoje |b Prognóza ekonomického vývoje |c I. Šujan, M. Šujanová |
| 520 | |a Variantná prognóza vývoja slovenskej ekonomiky na r. 1994-95, spracovaná vo februári 1994 Českým štatistickým úradom a Ústavom pre hospodársku politiku. Hrubý domáci produkt. Nezamestnanosť, inflácia a rast miezd. Platobná bilancia, menový kurz a rozpočtový deficit. Výsledky variantnej prognózy. | ||
| 610 | 2 | 0 | |a rozvoj hospodársky |
| 610 | 2 | 0 | |a prognózy hospodárske |
| 610 | 2 | 0 | |a Slovensko |
| 610 | 2 | 0 | |a produkt domáci hrubý |
| 610 | 2 | 0 | |a nezamestnanosť |
| 610 | 2 | 0 | |a inflácia |
| 610 | 2 | 0 | |a mzdy |
| 610 | 2 | 0 | |a bilancia platobná |
| 610 | 2 | 0 | |a kurz menový |
| 610 | 2 | 0 | |a deficit |
| 610 | 2 | 0 | |a 1994-1995 |
| 100 | 1 | |a Šujan, I. | |
| 700 | 1 | |a Šujanová, M. | |